000
00334nam a22001457a 4500
008
221024b ||||| |||| 00| 0 eng d
020
_a
9781555812690
041
_a
eng
080
_2
THIRD EDITION
_a
610.73
082
_a
610.73 GLI
100
_a
8
101
_a
INF
245
_a
MOLECULAR BIOTECHNOLOGY
_c
GLICK B
942
_2
udc
_c
BK
999
_c
58661
_d
58661